000 00491cam a2200193 4500
001 D1803
008 090401t1981 xxu||||| |||| 00| 0 eng d
035 _a(Sirsi) u65907
041 _aeng
050 _a631.1
100 _aBuckett, Maurice
245 3 _aAn introduction to farm organisation and management
260 _aOxford
_bPergamon Press Ltd
_c1981
300 _ax. 313p. 25cm
350 _a8.5
490 _aPergamon International Library
942 _n0
948 _c04/03/1997
999 _c94799
_d94799